| 000 | 00393nam a2200157Ia 4500 | ||
|---|---|---|---|
| 008 | 230711s9999||||xx |||||||||||||| ||und|| | ||
| 041 | _aENG | ||
| 082 |
_a621 _bMO-E |
||
| 100 | _aMottershead,Allen | ||
| 245 | 0 | _aElectronic devices and circuits | |
| 250 | _a1st | ||
| 260 |
_c2006 _aNew Delhi _bPHI Learning Private Limited |
||
| 300 | _a641 | ||
| 650 | _aElectronics Engineering | ||
| 942 | _cBK | ||
| 999 |
_c119 _d119 |
||